[Event "Corsica Masters op 18th"]
[Site "Bastia"]
[Date "2014.10.18"]
[Round "1"]
[White "Dellapina, Florian"]
[Black "Ruck, Robert"]
[Result "1-0"]
[WhiteElo "1509"]
[BlackElo "2568"]
[PlyCount "53"]
[EventDate "2014.10.18"]
[EventType "swiss"]
[EventRounds "9"]
[EventCountry "FRA"]
[SourceTitle "EXT 2015"]
[Source "ChessBase"]
[SourceDate "2014.11.20"]
[SourceVersion "1"]
[SourceVersionDate "2014.11.20"]
[SourceQuality "1"]

1. d4 d5 2. c4 c6 3. Nf3 e6 4. e3 f5 5. Bd3 Nf6 6. 0-0 Be7 7. b3 0-0 8. Ba3 Bxa3 9. Nxa3 b6 10. Qc2 Bb7 11. Rac1 Nbd7 12. cxd5 cxd5 13. Qc7 Qxc7 14. Rxc7 Rab8 15. Nb5 Ba6 16. Rxa7 Bxb5 17. Bxb5 Rf7 18. Rc1 Nf8 19. Rxf7 Kxf7 20. Ne5+ Kg8 21. f3 Rb7 22. Rc8 g6 23. a4 Kg7 24. Kf2 Kg8 25. h3 Kg7 26. g4 Kg8 27. g5 1-0